000 00617nam a2200205Ii 4500
003 JO-AjNU
008 230606s9999||||xx |||||||||||||| ||und||
020 _a0-7658-0694-0
040 _aJO-AjNU
_beng
_erda
_cJO-AjNU
041 _aeng
050 1 4 _aPS2123.S8 2000
100 3 _aStevenson, Elizbeth ,
_eauthor
_92509
245 0 0 _aHenry James: The Crooked Corridor
264 3 1 _aUSA: Transaction Publishers, 2000
300 _a172P
336 _atext
_btxt
_2rdacontent
337 _aunmediated
_bn
_2rdamedia
338 _avolume
_bnc
_2rdacarrier
650 4 _aJames, Henry - Authors, American 19th Century
_92510
999 _aE1313
_c1313
_d1313